[Event "UKR ol"]
[Site "Alushta"]
[Date "1999.??.??"]
[Round "?"]
[White "Shliakhtich, Galina"]
[Black "Kalinina, Vladislava"]
[Result "0-1"]
[WhiteElo "2090"]
[BlackElo "2199"]
[PlyCount "66"]
[EventDate "1999.05.12"]
[EventType "team"]
[EventRounds "11"]
[EventCountry "UKR"]
[SourceTitle "EXT 2001"]
[Source "ChessBase"]
[SourceDate "2000.11.22"]
[SourceVersion "1"]
[SourceVersionDate "2000.11.22"]
[SourceQuality "1"]

1. e4 e5 2. Nf3 d6 3. d4 Nf6 4. Nc3 Nbd7 5. Bc4 Be7 6. 0-0 0-0 7. Re1 c6 8. a4 b6 9. d5 Bb7 10. dxc6 Bxc6 11. Bg5 Rc8 12. Ba2 a6 13. Bc4 Bb7 14. Bxf6 Rxc4 15. Bxe7 Qxe7 16. Re3 f5 17. Nd2 Rd4 18. Ne2 fxe4 19. Nxd4 exd4 20. Re1 e3 21. fxe3 dxe3 22. Nc4 Bxg2 23. Qxd6 Qh4 24. Qg3 Qxc4 25. Kxg2 Qc6+ 26. Kg1 Rf6 27. Rxe3 Rg6 28. Rc3 Rxg3+ 29. hxg3 Qe4 30. Rf1 h6 31. Rf4 Qe1+ 32. Rf1 Qe5 33. Rf4 Nf6 0-1

[Event "UKR ol"]
[Site "Alushta"]
[Date "1999.??.??"]
[Round "?"]
[White "Shliakhtich, Galina"]
[Black "Vasilevich, Tatjana"]
[Result "1/2-1/2"]
[WhiteElo "2090"]
[BlackElo "2395"]
[PlyCount "77"]
[EventDate "1999.05.12"]
[EventType "team"]
[EventRounds "11"]
[EventCountry "UKR"]
[SourceTitle "EXT 2001"]
[Source "ChessBase"]
[SourceDate "2000.11.22"]
[SourceVersion "1"]
[SourceVersionDate "2000.11.22"]
[SourceQuality "1"]

1. e4 c5 2. Nf3 e6 3. d4 cxd4 4. Nxd4 Nf6 5. Nc3 d6 6. Be3 a6 7. a4 b6 8. Bd3 Bb7 9. 0-0 Nbd7 10. f4 Qc7 11. Qf3 Nc5 12. Rae1 Be7 13. Bf2 0-0 14. Qh3 Rfd8 15. Re2 Rac8 16. Nf3 d5 17. e5 Nfe4 18. Bxe4 Nxe4 19. Nxe4 dxe4 20. Ng5 h6 21. Nxe6 fxe6 22. Qxe6+ Kh8 23. Qxb6 Qxb6 24. Bxb6 Bc5+ 25. Bxc5 Rxc5 26. Kf2 Rc4 27. Ra1 Rdd4 28. Ke3 Rd8 29. g4 Kg8 30. h4 Kf7 31. f5 Rd5 32. e6+ Kf6 33. Rf1 Bc6 34. g5+ hxg5 35. hxg5+ Kxg5 36. f6 gxf6 37. Rg2+ Kh6 38. Rxf6+ Kh7 39. Rf7+ 1/2-1/2

[Event "UKR ol"]
[Site "Alushta"]
[Date "1999.??.??"]
[Round "?"]
[White "Shliakhtich, Galina"]
[Black "Zatonskih, Anna"]
[Result "1/2-1/2"]
[WhiteElo "2090"]
[BlackElo "2326"]
[PlyCount "22"]
[EventDate "1999.05.12"]
[EventType "team"]
[EventRounds "11"]
[EventCountry "UKR"]
[SourceTitle "EXT 2001"]
[Source "ChessBase"]
[SourceDate "2000.11.22"]
[SourceVersion "1"]
[SourceVersionDate "2000.11.22"]
[SourceQuality "1"]

1. e4 e6 2. d4 d5 3. Nc3 Nf6 4. Bg5 dxe4 5. Nxe4 Be7 6. Bxf6 gxf6 7. Nf3 b6 8. Bb5+ c6 9. Bd3 Bb7 10. Qe2 Nd7 11. a4 a5 1/2-1/2

[Event "UKR ol"]
[Site "Alushta"]
[Date "1999.??.??"]
[Round "?"]
[White "Struchkova, Svetlana"]
[Black "Shliakhtich, Galina"]
[Result "1/2-1/2"]
[WhiteElo "2310"]
[BlackElo "2090"]
[PlyCount "146"]
[EventDate "1999.05.12"]
[EventType "team"]
[EventRounds "11"]
[EventCountry "UKR"]
[SourceTitle "EXT 2001"]
[Source "ChessBase"]
[SourceDate "2000.11.22"]
[SourceVersion "1"]
[SourceVersionDate "2000.11.22"]
[SourceQuality "1"]

1. c4 e5 2. Nc3 d6 3. g3 g6 4. d4 Nd7 5. Nf3 Bg7 6. Bg5 Ngf6 7. dxe5 dxe5 8. Bg2 0-0 9. Qd2 Qe8 10. Bh6 Nc5 11. Bxg7 Kxg7 12. b4 Na6 13. a3 Bf5 14. Rd1 c6 15. 0-0 Nd7 16. Ng5 Rd8 17. Nge4 Nb6 18. Nd6 Qe6 19. c5 Nc8 20. Nxf5+ Qxf5 21. Qb2 Nc7 22. f4 f6 23. Qb3 a6 24. e3 Rde8 25. Ne4 Rf7 26. Nd6 Nxd6 27. cxd6 Na8 28. e4 Qd7 29. Rf2 Nb6 30. Rfd2 Qd8 31. Bf1 exf4 32. Qd3 fxg3 33. hxg3 Nd7 34. Bh3 Ne5 35. Qe2 h5 36. Kg2 Qb6 37. Rd4 Qb5 38. Qf2 Qb6 39. Qc2 Qb5 40. a4 Qb6 41. Qb3 c5 42. d7 Rd8 43. Rd6 Qxb4 44. Qxb4 cxb4 45. Rc1 Nc6 46. Be6 Re7 47. Kf3 Ne5+ 48. Ke3 Rxe6 49. Rxe6 Rxd7 50. Rb6 Nc6 51. Rc2 Re7 52. Kd3 Kh6 53. Rcxc6 bxc6 54. Rxc6 Kg5 55. Rxa6 Rb7 56. Ra5+ Kg4 57. Rb5 Rh7 58. a5 Kxg3 59. a6 h4 60. Rb7 Rh8 61. a7 Ra8 62. Rg7 g5 63. e5 h3 64. exf6 h2 65. Rxg5+ Kh4 66. Rg7 Kh3 67. Rh7+ Kg2 68. f7 h1Q 69. Rxh1 Kxh1 70. Kc4 Kg2 71. Kxb4 Kf3 72. Kb5 Ke4 73. Kb6 Rf8 1/2-1/2